00421nam a2200145Ia 4500008004100000020001800041041000800059082001700067100003300084245005200117250000600169260005100175300001100226650003800237210716s2011 xx 000 0 und d a9788120340688 aeng a005.364 GOPA aGopal, Arpita; Patil, Netra. aMagnifying object oriented analysis and design. a1 aNew DelhibPHI Learning private limited.c2011 axv,287 aObject Oriented Analysis & Design